| 000 | 00615nam a22002657a 4500 | ||
|---|---|---|---|
| 003 | UA-OsUOA | ||
| 001 | 26301 | ||
| 007 | ta | ||
| 008 | 20040526b un ||||| |||| 00| 0 ukr d | ||
| 100 | _aШкіль М.І. | ||
| 090 |
_a517(075.8) _bШ66 |
||
| 942 | _cBK | ||
| 040 |
_aUA-OsUOA _bukr _cUA-OsUOA _dUA-OsUOA |
||
| 245 | _aМатематичний аналіз | ||
| 300 | _a510 с. | ||
| 955 | _a0 | ||
| 041 | _aukr | ||
| 080 | _a517(075.8) | ||
| 020 | _a5-11-004415-5 | ||
| 260 |
_aК. _bВища школа _c1995 |
||
| 044 | _aUA | ||
| 250 | _nЧастина 2 | ||
| 650 | 7 | _2UDC | |
| 999 |
_c312621 _d312621 |
||